Welcome to the Holygrace Academy Library

Please use search bar below to get started

SAPIENS (Record no. 7179)

MARC details
000 -LEADER
fixed length control field 00646nam a22001577a 4500
020 ## - INTERNATIONAL STANDARD BOOK NUMBER
ISBN 978-93-88241-92-2
082 ## - DEWEY DECIMAL CLASSIFICATION NUMBER
Classification number 894.812
Item number YUV/S
100 ## - MAIN ENTRY--AUTHOR NAME
Personal name HARARI, YUVAL NOVA
245 ## - TITLE STATEMENT
Title SAPIENS
246 ## - VARYING FORM OF TITLE
Title proper/short title SAPIENS
Remainder of title SAPIENS
260 ## - PUBLICATION, DISTRIBUTION, ETC. (IMPRINT)
Place of publication BHOPAL
Name of publisher MANJUL PUBLISHING HOUSE
Year of publication 2011
300 ## - PHYSICAL DESCRIPTION
Number of Pages 552
520 ## - SUMMARY, ETC.
Summary, etc Sapiens by Yuval Noah Harari is an anthropological masterpiece on how humanity came to be. You will learn how we went from running on savannas to driving cars, how we (probably) formed religion, why we “defeated” the other six species of humans, and why gossip is so important to us.
650 ## - SUBJECT ADDED ENTRY--TOPICAL TERM
Topical Term POPULAR SCIENCE
Geographic subdivision INDIA
942 ## - ADDED ENTRY ELEMENTS (KOHA)
Koha item type Books
Holdings
Withdrawn status Lost status Collection code Home library Current library Shelving location Date acquired Source of acquisition Cost, normal purchase price Full call number Accession Number Koha item type
    Non-fiction Main Library Main Library NEW SHELF WITH NEW ENTRY 11/11/2023 purchase 699.00 894.812 YUV/S 13337 Books